000 01016nam0a22002651 4500
001 rc\1010581
005 20041129102211.7
035 _a(NLR Aleph) 006176145
090 _a6016542
_c6016542
100 _a20041129d1981 u |0rusy50 ca
101 0 _arus
102 _aRU
105 _aa |||||||||
200 1 _aПроизводство цементуемых и улучшаемых сталей, легированных бором
210 _aМ.
_cИнформсталь
_d1981
215 _a25 с.
_cграф.
_d20
225 1 _aОбзор
_fМеждународная система научной и технической информации по черной металлургии "Информсталь"
_vВып. 13 (106)
300 _aАвт. указан на обороте тит. л.
320 _aБиблиогр.: с. 22-25 (79 назв.)
700 1 _aЗолле
_bК. Х.
801 0 _aRU
_bNLR
_gpsbo
801 1 _aRU
_bELAR
_2rusmarc
852 _aNLR
_jП10/5469
942 _cBOOK
980 _aNB